| 000 | nam a22 a 4500 | ||
|---|---|---|---|
| 999 |
_c122780 _d122780 |
||
| 003 | BLK | ||
| 005 | 20220629155137.0 | ||
| 008 | 180409b bul|||||r ||||||| ||bul|| | ||
| 010 | _aKNG00128427000 | ||
| 040 | _aBLK | ||
| 041 |
_aBUL _cBUL |
||
| 080 |
_aБългарска литература _b821.163.2 _x-32 _z821.163.2-32 |
||
| 100 | 1 |
_aБарух, Виктор Сабат _eпърви автор _9372891 |
|
| 139 |
_aБарух, Виктор Сабат _bБ 27 |
||
| 245 | 1 | 0 |
_aСватбени свещи _bИзбрани повести и разкази _cВиктор Сабат Барух; предг. от Михаил Василев. |
| 257 | _aBGR | ||
| 260 |
_aСофия _bБълг. писател _c1971 |
||
| 300 |
_a388 с. _c25 см |
||
| 380 | _aX | ||
| 600 | 1 | 4 |
_aБарух, Виктор _9317759 |
| 700 | 1 |
_aВасилев, Михаил _eпредг. от _9367486 |
|
| 852 |
_aЦб 59056 _bЦб |
||
| 856 | 4 | _qpdf | |
| 856 | 4 | _qpdf | |
| 942 |
_cKNG _n0 _s1 |
||
| 944 |
_aCR _c07.03.2012 _l07.03.2012 - от С1,Р / 07.03.2012 _kИрена_Русанова |
||
| 944 |
_aED _c07.03.2012 _l07.03.2012 - от С1,Р / 07.03.2012 |
||